[Event "EOC-ch Playoff-C 2021"]
[Site "Online"]
[Date "2021.03.29"]
[Round "4.5"]
[White "Fedoseev, Vladimir"]
[Black "Tomashevsky, Evgeny"]
[Result "1/2-1/2"]
[WhiteElo "2687"]
[BlackElo "2706"]
[Annotator "TA"]
[PlyCount "101"]
[EventDate "2021.03.29"]
[EventType "team-tourn"]
[EventCountry "NET"]
[SourceTitle "playchess.com"]
[Source "ChessBase"]
[SourceQuality "1"]

{[%evp 9,101,23,21,10,20,12,12,1,-5,-5,17,-34,-17,-19,-5,-24,18,-26,0,11,5,13,9,0,0,0,2,0,0,0,0,0,0,0,5,0,9,0,34,16,31,30,28,20,28,36,69,8,0,0,0,0,0,-8,-14,-56,-56,-56,3,5,71,70,70,69,52,56,194,148,366,377,331,338,5035,4935,29976,746,497,414,409,0,0,0,0,0,0,0,0,0,0,0,0,0,0,0]} 1. e4 e5 2. Nf3 Nc6 3. Bb5 Nf6 4. d3 Bc5 5. Bxc6 dxc6 6. Nbd2 {C65: Ruy Lopez: Berlin Defence (3...Nf6), unusual lines and 4 0-0 Bc5.} Nd7 7. Nf1 Bd6 8. Be3 {[#]} c5 $146 ({Predecessor:} 8... Nf8 9. Ng3 g6 10. O-O Ne6 11. Bh6 Qe7 12. c3 c5 13. a3 Bd7 14. b4 Rg8 {0-1 (68) Delgado Ramirez,N (2550)-Sammour Hasbun,J (2460) ICC INT 2009}) 9. Ng3 Nf8 10. Nf5 (10. a4 $11) 10... Bxf5 $15 11. exf5 Qd7 12. Nh4 Be7 13. Qh5 Bxh4 14. Qxh4 Qxf5 15. Bxc5 {[%csl Gc5][%cal Rh4e7] [#]} Ng6 16. Qe4 (16. Qa4+ {is more complex.} Qd7 17. Qe4 c6 18. h4 h5 19. Be3) 16... Qxe4+ 17. dxe4 Nf4 18. g3 Ne6 19. Be3 O-O-O 20. c3 g6 21. Ke2 b6 22. b4 Kb7 23. a4 a6 24. h4 h5 25. f4 exf4 26. gxf4 Rhe8 27. Rad1 b5 28. a5 ({Better is} 28. axb5 $14 axb5 29. Rxd8 Rxd8 30. Rf1) 28... Kc6 $11 29. Rhg1 (29. Kf2 {seems wilder.} Rd6 30. Rc1 Ng7 31. Bd4 Ne6 32. Be3) 29... Rxd1 30. Rxd1 {[%mdl 4096] Endgame KRB-KRN} Ng7 31. Bd4 Nf5 32. Be5 Nxh4 33. Kf2 g5 (33... f6 $1 $15 34. Bxf6 Rxe4) 34. Rd5 {Rc5+ is the strong threat.} Re7 (34... Ng6 $1 $11) 35. Rc5+ Kb7 36. fxg5 Ng6 37. Bh2 c6 (37... Nh4 $14) 38. Rf5 $18 Rxe4 $2 (38... Rd7 $16) 39. Rxf7+ Re7 40. Rf6 Ne5 (40... Rg7 41. Kf3 Ne7) 41. Bxe5 Rxe5 {KR-KR} 42. g6 (42. Rf7+ $142 Kb8 43. g6 Rg5 44. g7 Rg4 45. Rf8+ Kb7 46. g8=Q Rxg8 47. Rxg8) 42... Kc7 43. Kg3 {Strongly threatening Kh4.} Re4 {[#]} 44. Rf7+ $2 (44. Rf4 $1 $18 {[%cal Rf4e4]} Re6 45. Rf7+ Kd6 46. g7 Rg6+ 47. Kh4) 44... Kd6 $11 {The position is equal.} 45. g7 (45. Kf3 {feels hotter.} Rg4 46. Rf6+ Kd7 47. Rf7+ Kd6) 45... Rg4+ 46. Kh3 Kd5 47. Rc7 Kd6 48. Ra7 Kd5 49. Rf7 ({Of course not} 49. Rxa6 Rxg7 50. Rb6 Rg4 $17) 49... Ke6 50. Ra7 Kd5 51. Rd7+ {Blacks defense is rewarded with a draw.  Weighted Error Value: White=0.28/Black=0.33} ({Reject} 51. Rxa6 Rxg7 52. Rb6 Rg4 $17) 1/2-1/2

[Event "EOC-ch Playoff-C 2021"]
[Site "Online"]
[Date "2021.03.29"]
[Round "4.6"]
[White "Grachev, Boris"]
[Black "Matlakov, Maxim"]
[Result "1-0"]
[WhiteElo "2619"]
[BlackElo "2688"]
[Annotator "TA"]
[PlyCount "107"]
[EventDate "2021.03.29"]
[EventType "team-tourn"]
[EventCountry "NET"]
[SourceTitle "playchess.com"]
[Source "ChessBase"]
[SourceQuality "1"]

{[%evp 9,107,-1,0,4,2,0,0,0,0,0,0,0,0,0,0,-8,-4,-2,-2,-16,0,-32,17,22,21,16,23,10,6,12,10,0,10,10,60,0,0,-23,0,0,0,0,0,0,0,0,10,9,8,8,7,8,95,94,93,10,8,8,8,8,8,8,14,11,15,15,83,83,472,314,282,282,270,267,318,218,29965,29965,29961,29960,29974,29975,29975,29975,29975,29974,29973,29974,29973,29973,29976,29977,29978,29979,29979,29980,29980,29981,29982,29983]} 1. d4 d5 2. Bf4 e6 3. e3 Bd6 4. Nf3 Nf6 5. Nbd2 b6 6. Bb5+ {D02: 1 d4 d5 2 Nf3 sidelines, including 2...Nf6 3 g3 and 2...Nf6 3 Bf4.} c6 7. Bd3 Bxf4 8. exf4 {The position is equal.} O-O 9. O-O c5 10. c3 Ba6 11. Bxa6 Nxa6 12. Qe2 Nb8 13. Ne5 {[#]} Qc7 $146 ({Predecessor:} 13... Qd6 14. Ndf3 Ne4 15. Rfd1 f6 16. dxc5 Nxc5 17. b4 Na4 18. Nc4 Qc6 19. Ne3 Nxc3 20. Qd3 Nxd1 21. Rxd1 {0-1 (54) Artemiev,V (2716)-Dominguez Perez,L (2758) chess24.com INT 2020}) 14. Ndf3 Nc6 15. Rad1 {[%cal Ba1d1,Bd1d3,Bd3e3,Be3e2][%mdl 32]} (15. Rfe1 {is interesting.} c4 16. Qc2 Ne7 17. b3 b5 18. a4) 15... cxd4 16. Nxc6 Qxc6 17. Nxd4 Qc7 18. g3 a6 19. Rfe1 Rfe8 20. Rd3 Qc4 21. a3 Ne4 22. f3 ({Better is} 22. f5 $1 $14) 22... Nd6 $11 23. Re3 Qxe2 24. R3xe2 g6 25. g4 Kf8 26. Kf2 b5 27. Kg3 a5 (27... Rac8 {keeps more tension.} 28. h4 Kg7 29. f5 exf5 30. Rxe8 Rxe8 31. Rxe8 Nxe8 32. gxf5 Nd6) 28. f5 exf5 29. gxf5 Rxe2 30. Rxe2 Nxf5+ (30... b4 $11) 31. Nxf5 $16 gxf5 $11 {[%mdl 4096] Endgame KR-KR} 32. Kf4 (32. Rd2 $16) 32... b4 33. axb4 axb4 34. cxb4 Rb8 35. Kxf5 Rxb4 36. Ke5 d4 37. Kd5 Rb3 (37... d3 $11 38. Rd2 Rh4) 38. Kxd4 $16 {Strongly threatening Kc4.} Rxf3 $2 {[%mdl 8192] [#] Black cannot hold the game after this.} (38... Rb8 $16 {is more resistant.}) 39. b4 $18 {[%cal Bb2b4,Bb4b5,Bb5b6][%mdl 32]} Rb3 40. Kc4 Rb1 41. b5 Kg7 42. Re3 {[#] Rb3 is the strong threat.} f5 $2 (42... Kf6 $18 43. Kc5 Rb2) 43. Rb3 {White mates.} Rc1+ 44. Kd5 Kf6 45. b6 Rd1+ 46. Kc6 Rc1+ 47. Kd7 Rd1+ 48. Kc8 Rc1+ 49. Kb8 f4 50. b7 Kf5 51. Ka7 Rc7 52. Kb6 Rxb7+ 53. Kxb7 Ke4 54. Rh3 {Weighted Error Value: White=0.08/Black=0.32} 1-0

[Event "EOC-ch Playoff-C 2021"]
[Site "Online"]
[Date "2021.03.29"]
[Round "4.8"]
[White "Murzin, Volodar"]
[Black "Shimanov, Aleksandr"]
[Result "0-1"]
[WhiteElo "2478"]
[BlackElo "2597"]
[Annotator "ChessBase"]
[PlyCount "168"]
[EventDate "2021.03.29"]
[EventType "team-tourn"]
[EventCountry "NET"]
[SourceTitle "playchess.com"]
[Source "ChessBase"]
[SourceQuality "1"]
[TimeControl "900+5"]

1. e4 {[%emt 0:00:00]} e6 {[%emt 0:00:10]} 2. d4 {[%emt 0:00:04]} d5 {[%emt 0:00:02]} 3. Nc3 {[%emt 0:00:01]} Bb4 {[%emt 0:00:09]} 4. e5 {[%emt 0:00:05]} c5 {[%emt 0:00:10]} 5. a3 {[%emt 0:00:02]} Bxc3+ {[%emt 0:00:02]} 6. bxc3 {[%emt 0:00:02]} Ne7 {[%emt 0:00:00]} 7. Nf3 {[%emt 0:00:03]} b6 {[%emt 0:00:14]} 8. Bb5+ {[%emt 0:00:05]} Bd7 {[%emt 0:00:02]} 9. Bd3 {[%emt 0:00:02]} c4 {[%emt 0:00:51]} 10. Be2 {[%emt 0:00:03]} Ba4 {[%emt 0:00:03]} 11. h4 {[%emt 0:00:33]} Nbc6 {[%emt 0:00:14]} 12. h5 {[%emt 0:00:12]} h6 {[%emt 0:00:02]} 13. Nh4 {[%emt 0:01:31]} Kd7 {[%emt 0:00:34]} 14. Rh3 {[%emt 0:00:44]} Qg8 {[%emt 0:00:33]} 15. g4 {[%emt 0:00:32]} g6 {[%emt 0:00:49]} 16. hxg6 {[%emt 0:00:28]} fxg6 {[%emt 0:00:07]} 17. Be3 {[%emt 0:00:16]} Rf8 {[%emt 0:02:05]} 18. Qd2 {[%emt 0:00:27]} g5 {[%emt 0:01:18]} 19. Ng2 {[%emt 0:00:10]} Ng6 {[%emt 0:00:11]} 20. f3 {[%emt 0:01:13]} Rf7 {[%emt 0:00:55]} 21. Kf2 {[%emt 0:00:19]} Qf8 {[%emt 0:00:19]} 22. Rah1 {[%emt 0:00:09]} a6 {[%emt 0:01:15]} 23. Kg3 {[%emt 0:01:45]} Na7 {[%emt 0:00:24]} 24. Ra1 {[%emt 0:02:44]} Nb5 {[%emt 0:00:19]} 25. Rh5 {[%emt 0:01:02]} Qg7 {[%emt 0:01:19]} 26. Ra2 {[%emt 0:00:42]} Qf8 {[%emt 0:00:27]} 27. Qe1 {[%emt 0:00:37]} Kc7 {[%emt 0:00:47]} 28. Bd2 {[%emt 0:00:17]} Kb7 {[%emt 0:00:31]} 29. Qc1 {[%emt 0:00:47]} Nc7 {[%emt 0:00:59]} 30. Rb2 {[%emt 0:00:18]} Ne8 {[%emt 0:01:12]} 31. Qb1 {[%emt 0:00:25]} b5 {[%emt 0:00:05]} 32. Qc1 {[%emt 0:00:07]} Ng7 {[%emt 0:00:16]} 33. Rh2 {[%emt 0:00:16]} h5 {[%emt 0:00:16]} 34. Bxg5 {[%emt 0:00:08]} hxg4 {[%emt 0:00:02]} 35. fxg4 {[%emt 0:00:13]} Rxh2 {[%emt 0:00:21]} 36. Kxh2 {[%emt 0:00:02]} Rf2 {[%emt 0:00:43]} 37. Qe3 {[%emt 0:00:05]} Rf7 {[%emt 0:00:06]} 38. Ra2 {[%emt 0:00:22]} Qh8+ {[%emt 0:00:04]} 39. Kg3 {[%emt 0:00:23]} Qh1 {[%emt 0:00:05]} 40. Qc1 {[%emt 0:00:02]} Qh7 {[%emt 0:00:03]} 41. Ra1 {[%emt 0:00:29]} Ne8 {[%emt 0:00:13]} 42. Ne3 {[%emt 0:00:27]} Qg8 {[%emt 0:00:05]} 43. Ng2 {[%emt 0:00:06]} Qf8 {[%emt 0:00:04]} 44. Qd2 {[%emt 0:00:14]} Rh7 {[%emt 0:00:03]} 45. Bf3 {[%emt 0:00:07]} Qh8 {[%emt 0:00:02]} 46. Qe3 {[%emt 0:00:03]} Rh3+ {[%emt 0:00:03]} 47. Kf2 {[%emt 0:00:01]} Bxc2 {[%emt 0:00:03]} 48. Nf4 {[%emt 0:00:04]} Rh2+ {[%emt 0:00:08]} 49. Kg1 {[%emt 0:00:03]} Nxf4 {[%emt 0:00:10]} 50. Qxf4 {[%emt 0:00:01]} Rh3 {[%emt 0:00:03]} 51. Kg2 {[%emt 0:00:12]} Rh7 {[%emt 0:00:07]} 52. Rf1 {[%emt 0:00:07]} Bd3 {[%emt 0:00:03]} 53. Re1 {[%emt 0:00:02]} Qg8 {[%emt 0:00:03]} 54. Bf6 {[%emt 0:00:05]} Qg6 {[%emt 0:00:03]} 55. Qg5 {[%emt 0:00:10]} Qf7 {[%emt 0:00:05]} 56. Kg3 {[%emt 0:00:01]} Qf8 {[%emt 0:00:09]} 57. Ra1 {[%emt 0:00:06]} Rf7 {[%emt 0:00:03]} 58. Bg2 {[%emt 0:00:09]} Nxf6 {[%emt 0:00:06]} 59. exf6 {[%emt 0:00:01]} Rxf6 {[%emt 0:00:00]} 60. Re1 {[%emt 0:00:01]} Be4 {[%emt 0:00:08]} 61. Rxe4 {[%emt 0:00:14]} dxe4 {[%emt 0:00:00]} 62. Bxe4+ {[%emt 0:00:02]} Kc7 {[%emt 0:00:01]} 63. Qe5+ {[%emt 0:00:02]} Qd6 {[%emt 0:00:03]} 64. g5 {[%emt 0:00:02]} Qxe5+ {[%emt 0:00:10]} 65. dxe5 {[%emt 0:00:06]} Rf8 {[%emt 0:00:01]} 66. g6 {[%emt 0:00:02]} Kd7 {[%emt 0:00:03]} 67. Kg4 {[%emt 0:00:05]} Rf1 {[%emt 0:00:07]} 68. Kg5 {[%emt 0:00:02]} Ke7 {[%emt 0:00:01]} 69. Kh6 {[%emt 0:00:07]} Rg1 {[%emt 0:00:07]} 70. Bb7 {[%emt 0:00:14]} a5 {[%emt 0:00:03]} 71. Bc6 {[%emt 0:00:04]} b4 {[%emt 0:00:02]} 72. axb4 {[%emt 0:00:01]} axb4 {[%emt 0:00:01]} 73. cxb4 {[%emt 0:00:02]} c3 {[%emt 0:00:01]} 74. Be4 {[%emt 0:00:01]} Rg4 {[%emt 0:00:06]} 75. Bc2 {[%emt 0:00:06]} Rg2 {[%emt 0:00:03]} 76. Be4 {[%emt 0:00:18]} c2 {[%emt 0:00:09]} 77. Bxc2 {[%emt 0:00:03]} Rxc2 {[%emt 0:00:01]} 78. Kh7 {[%emt 0:00:05]} Rh2+ {[%emt 0:00:06]} 79. Kg8 {[%emt 0:00:01]} Rb2 {[%emt 0:00:13]} 80. g7 {[%emt 0:00:07]} Rxb4 {[%emt 0:00:11]} 81. Kh7 {[%emt 0:00:04]} Rh4+ {[%emt 0:00:02]} 82. Kg8 {[%emt 0:00:03]} Rg4 {[%emt 0:00:17]} 83. Kh7 {[%emt 0:00:03]} Kf7 {[%emt 0:00:04]} 84. Kh8 {[%emt 0:00:03]} Rh4# {[%emt 0:00:02]} 0-1

[Event "EOC-ch Playoff-C 2021"]
[Site "Online"]
[Date "2021.03.29"]
[Round "4.9"]
[White "Adams, Michael"]
[Black "Duda, Jan-Krzysztof"]
[Result "1/2-1/2"]
[WhiteElo "2716"]
[BlackElo "2743"]
[Annotator "TA"]
[PlyCount "85"]
[EventDate "2021.03.29"]
[EventType "team-tourn"]
[EventCountry "NET"]
[SourceTitle "playchess.com"]
[Source "ChessBase"]
[SourceQuality "1"]

{[%evp 18,85,6,15,37,34,35,36,33,41,35,29,33,41,60,18,22,29,16,23,18,17,22,16,17,17,17,15,15,17,80,77,62,18,18,18,18,18,18,18,18,18,18,18,18,18,18,18,18,8,8,8,18,9,16,0,8,0,48,0,279,0,0,0,0,0,0,0,0,0]} 1. e4 c5 2. Nf3 d6 3. d4 cxd4 4. Nxd4 Nf6 5. Nc3 a6 6. a4 g6 7. Be2 Bg7 8. O-O O-O 9. Be3 Nc6 10. Qd2 Ng4 {B90: Sicilian Najdorf: Unusual White 6th moves, 6 Be3 Ng4 and 6 Be3 e5.} 11. Bxg4 Bxg4 12. Nd5 Rc8 {White is slightly better.} 13. a5 Nxd4 14. Bxd4 Bxd4 15. Qxd4 Be6 {[#]} 16. c4 $146 ({Predecessor:} 16. Ne3 Qc7 17. c3 Qc5 18. Qd2 Qe5 19. Ra4 f5 20. exf5 gxf5 21. Re1 Qf6 22. Rf4 {1-0 (41) Valerga,D (2470)-Gauci,J (2098) Turin 2006}) 16... Bxd5 17. exd5 e5 18. dxe6 fxe6 19. h3 Qf6 20. Qxd6 Rxc4 21. Rae1 Rc2 22. Rxe6 Qxb2 23. Qd5 Kh8 (23... Rf7 $1 $11 {keeps the balance.}) 24. Rb6 $16 Qc3 25. Rxb7 {White wants to mate with Qd7.} (25. Rb3 {is interesting.} Qc6 26. Qxc6 bxc6 27. Rb6 c5 28. Rxa6 Ra2 29. f3) 25... Rcxf2 $1 {[%mdl 64] [#] Decoy} 26. Rxf2 {[%cal Rf2f8]} Qe1+ 27. Kh2 {[%cal Rf2f8]} Qxf2 $11 {[%mdl 4096] Endgame KQR-KQR} 28. Qe5+ Qf6 29. Qc7 {[%csl Gb7][%cal Rc7h7]} (29. Qxf6+ {is more complex.} Rxf6 30. Rb6 Kg7 31. h4 Kf7 32. Kh3) 29... Qf4+ 30. Qxf4 Rxf4 {KR-KR} 31. Rb6 Kg7 32. Rxa6 {Ra8 is the strong threat.} Ra4 33. Ra7+ Kf6 34. a6 Ra3 35. Ra8 {Black must now prevent g3.} Kg5 $1 36. Kg1 Kf4 37. Kh2 {aiming for a7.} Kg5 38. a7 {And now g3 would win.} Kh6 $2 {[%mdl 8192] [#]} (38... Ra2 $1 $11 {and Black is okay.}) 39. h4 $2 (39. g3 $1 $18) 39... Kh5 {The position is equal.} 40. Re8 Rxa7 41. Re4 g5 42. hxg5 Kxg5 43. Kh3 {Weighted Error Value: White=0.16/Black=0.23} 1/2-1/2

[Event "EOC-ch Playoff-C 2021"]
[Site "Online"]
[Date "2021.03.29"]
[Round "4.10"]
[White "Moranda, Wojciech"]
[Black "Howell, David W L"]
[Result "1-0"]
[WhiteElo "2618"]
[BlackElo "2658"]
[Annotator "TA"]
[PlyCount "67"]
[EventDate "2021.03.29"]
[EventType "team-tourn"]
[EventCountry "NET"]
[SourceTitle "playchess.com"]
[Source "ChessBase"]
[SourceQuality "1"]

{[%evp 16,67,4,4,19,13,24,10,22,0,0,0,0,0,0,-11,0,0,0,0,14,-5,-5,-13,42,6,8,0,2,5,63,62,61,73,62,61,139,111,345,352,547,550,518,547,483,94,158,52,62,0,277,281,29997,29998]} 1. Nf3 Nf6 2. c4 e6 3. g3 d5 4. Bg2 Be7 5. O-O O-O 6. d4 c6 7. Nbd2 b6 {[%cal Bb7b6,Bb6b5][%mdl 32]} 8. Qc2 Bb7 9. e4 dxc4 {E06: Closed Catalan: Early deviations.} 10. Nxc4 Nbd7 11. e5 Nd5 {The position is equal.} 12. Qe4 b5 13. Ne3 c5 {[#]} 14. Nxd5 $146 ({Predecessor:} 14. Qg4 Kh8 15. dxc5 Nxc5 16. Rd1 Qb6 17. Ng5 Nxe3 18. Bxe3 Bxg2 19. Kxg2 Bxg5 20. Bxg5 Na4 21. Rd2 Qb7+ 22. Qf3 Qxf3+ 23. Kxf3 Nb6 24. Rc1 Nc4 {½-½ (24) Jojua,D (2581)-Riazantsev,A (2659) Minsk 2017}) 14... Bxd5 15. Qg4 Kh8 16. dxc5 Nxc5 17. Rd1 Qb6 18. Be3 {Strongly threatening b4.} Qb7 19. Rac1 Nd7 (19... Rac8 $11) 20. Qh5 (20. Rxd5 $5 exd5 21. Bh3 $11) 20... Rae8 21. Rd4 Kg8 22. Rcd1 Rc8 {[#]} (22... a6 $11) 23. Ng5 $1 $14 Bxg5 24. Bxd5 ({But not} 24. Bxg5 Bxg2 25. Rxd7 Qa8 $15) 24... exd5 25. Qxg5 Nc5 ({Black should try} 25... f6 $1 $14 26. exf6 Nxf6) 26. Rh4 {Threatens to win with Qh5.} Qa6 $2 (26... g6 $16) 27. Rxd5 $18 Ne6 {[#]} (27... Nb7 $142 28. Qf5 g6) 28. Qh5 $1 {[%csl Gh4][%cal Rh5h7]} h6 29. Bxh6 $1 {Be3 would kill now.} g6 30. Qg4 (30. Qf3 $18 {is the precise move to win.} Qb7 31. Bxf8 Nxf8 32. Rhd4) 30... Qxa2 (30... Rfd8 $142 31. Rxd8+ Rxd8) 31. Rd1 $40 {[%mdl 128] Black needs to defend precisely.} (31. Rxb5 $16 {aiming for Qh3.} Rfd8 32. Kg2) 31... Rfd8 $14 32. Rf1 (32. Re1 $1 $14 Qd5 33. Qh3) 32... Rd4 $2 {[%mdl 8192]} (32... Qd5 $1 $11 {and Black has nothing to worry.}) 33. Bf4 $18 {And now Qh3! would win.} Nxf4 ({Don't blunder} 33... Qxb2 $2 34. Qh3 $18) (33... Qc4 $18 34. Qh3 Kf8) 34. Qxc8+ {Weighted Error Value: White=0.33/Black=0.73} 1-0

[Event "EOC-ch Playoff-C 2021"]
[Site "Online"]
[Date "2021.03.29"]
[Round "5.1"]
[White "Duda, Jan-Krzysztof"]
[Black "Vachier-Lagrave, Maxime"]
[Result "1/2-1/2"]
[WhiteElo "2743"]
[BlackElo "2784"]
[Annotator "TA"]
[PlyCount "124"]
[EventDate "2021.03.29"]
[EventType "team-tourn"]
[EventCountry "NET"]
[SourceTitle "playchess.com"]
[Source "ChessBase"]
[SourceQuality "1"]

{[%evp 13,124,8,31,31,31,26,33,21,31,24,50,48,50,48,56,56,45,47,54,67,124,64,78,53,56,39,47,45,96,0,0,-18,-20,-21,-25,-30,-34,-58,-60,-51,-51,-51,-51,-61,-47,-61,-54,-54,-54,-59,-55,-48,-22,-33,-33,-33,-33,-33,-33,-58,-58,-58,-52,-58,-52,-33,-29,-29,-29,-29,-29,-29,-29,-29,-29,-29,-29,-75,-29,-29,-29,-75,-75,-75,-75,-75,-75,-75,-75,-75,-75,-75,-75,-75,0,-75,-29,-29,0,-75,0,-75,-75,-75,-29,-29,-29,-29,-29,-29,-29,-43,-43]} 1. e4 c6 2. Nf3 d5 3. Nc3 Bg4 4. h3 Bxf3 5. Qxf3 e6 6. g3 Nf6 {6...Nf6 is better than 6...Nd7.} 7. Bg2 Nbd7 8. Qe2 {B11: Caro-Kann: Two Knights Variation.} dxe4 9. Nxe4 Nxe4 10. Qxe4 {White is slightly better.} Bd6 {[#]} 11. O-O $146 ({Predecessor:} 11. d4 Nf6 12. Qe2 Qe7 13. Bd2 O-O-O 14. O-O-O Kb8 15. Rhe1 Rhe8 16. Qf3 Nd7 17. Qg4 {1-0 (25) Valmana Canto,J (2323)-Luque Saiz,A (2027) Sueca 2018}) 11... h5 12. d4 h4 13. g4 Nf6 14. Qf3 Bc7 15. Rd1 Qd6 16. c4 O-O-O (16... Nh7 $14) 17. Bg5 (17. Rb1 $16) 17... Rd7 $14 18. Rab1 Rhd8 19. Kf1 Qb4 20. Qc3 Ba5 (20... Qb6 $14) 21. Qxb4 (21. Rd3 $16) 21... Bxb4 $11 22. d5 Be7 {[%cal Rf6d5]} ({Much worse is} 22... cxd5 $6 23. cxd5 exd5 24. Bxh4 $16) 23. Bxf6 Bxf6 24. Bf3 Kc7 {[%cal Rc6d5]} 25. dxc6 bxc6 26. Rxd7+ Rxd7 $15 {[%mdl 4096] Endgame KRB-KRB} 27. Ke2 Rd4 28. b3 Rf4 29. Bg2 Bd4 30. f3 c5 31. Kd3 e5 32. Re1 g6 33. Re2 f5 34. gxf5 gxf5 35. a3 a5 36. a4 Kd6 37. Kc2 Bg1 38. Rd2+ Rd4 39. Bf1 e4 40. fxe4 fxe4 41. Be2 Be3 42. Rd1 Ke5 43. Bh5 Kf4 44. Bg6 Bf2 45. Rd2 Be1 46. Rd1 {[%cal Rd1e1]} Bb4 47. Bh7 Ke3 48. Bg6 Kf3 49. Bf5 Kg3 50. Bg4 Kf2 51. Bh5 Kg2 52. Bg4 Kg3 53. Bf5 Kf4 (53... Kf3 $17) 54. Bg6 (54. Bh7 $1 $11 {remains equal.}) 54... Ke5 55. Bh7 Kf4 56. Bg6 Kf3 ({Better is} 56... Ke3 $17) 57. Bh5+ {[#]} (57. Bf5 $1 $11 {keeps the balance.}) 57... Kf2 $1 $17 58. Bg4 Be1 59. Bf5 Rxd1 60. Kxd1 e3 {( -> ...e2+)} 61. Bg4 Bb4 62. Be2 Bc3 {Weighted Error Value: White=0.11/Black=0.09} 1/2-1/2

[Event "EOC-ch Playoff-C 2021"]
[Site "Online"]
[Date "2021.03.29"]
[Round "5.2"]
[White "Rapport, Richard"]
[Black "Moranda, Wojciech"]
[Result "0-1"]
[WhiteElo "2763"]
[BlackElo "2618"]
[Annotator "TA"]
[PlyCount "146"]
[EventDate "2021.03.29"]
[EventType "team-tourn"]
[EventCountry "NET"]
[SourceTitle "playchess.com"]
[Source "ChessBase"]
[SourceQuality "1"]

{[%evp 9,146,8,12,12,16,12,12,12,7,5,4,8,6,6,14,1,7,7,19,8,12,23,14,12,20,20,16,-25,-23,-16,-13,-42,-45,-64,-40,-56,-47,-59,-49,-59,-44,-91,-106,-138,-97,-92,-91,-87,0,-125,0,0,0,-12,-6,-15,0,0,0,0,0,0,0,0,0,-57,-63,-60,-23,-23,-23,-20,-8,-18,-9,-10,-10,-10,-10,-10,-10,-76,-76,-128,-128,-128,-128,-128,-132,-187,-195,-317,-124,-461,-354,-309,-181,-156,-160,-447,-403,-387,-353,-353,-352,-1275,-1143,-1018,-513,-1647,-1660,-1511,-936,-29970,-29971,-29985,-29983,-29975,0,-29974,-29971,-29970,0,-29972,-29974,-29972,-29973,-29962,-29962,-29980,-29981,-29984,-29985,-29989,-29990,-29990,-29991,-29991,-29992]} 1. c4 Nf6 2. g3 e6 3. Bg2 d5 4. Nf3 dxc4 5. Qa4+ Bd7 6. Qxc4 {A13: English Opening: 1...e6.} c5 7. Ne5 Qc8 8. Qd3 {The position is equal. The main line 8.Qd3 scores better than 8.0-0.} Nc6 9. Nxd7 Nxd7 10. b3 Be7 11. Bb2 O-O 12. Nc3 Rd8 13. Rd1 Nf6 14. Qb1 {[#]} Qd7 $146 ({Predecessor:} 14... Qc7 15. O-O Rac8 16. d3 a6 17. Rd2 b5 18. Rfd1 Nd5 19. Ne4 h6 20. e3 Qb6 {½-½ (29) Oparin,G (2650)-Prohaszka,P (2595) Charlotte 2019}) 15. O-O Rac8 16. Ne4 Nd5 17. e3 Ndb4 18. Qa1 f5 19. Nc3 Nd3 20. Ba3 Nce5 21. f4 Ng4 22. Qb1 b5 {[%cal Bb7b5,Bb5b4][%mdl 32] Strongly threatening ...b4.} 23. Nd5 exd5 24. Qxd3 b4 25. Bc1 c4 26. Qe2 a5 {[%cal Ba7a5,Ba5a4][%mdl 32]} 27. Bb2 a4 28. Bd4 Bc5 (28... cxb3 $17 29. axb3 a3) 29. h3 (29. bxc4 $11 dxc4 30. Qxc4+ {[%mdl 64] Double Attack} Qf7 31. Rc1 Qxc4 32. Rxc4 Bxd4 33. Bd5+ $1 (33. Rxd4 Rxd4 34. exd4 Rc2 $15) 33... Kf8 34. Rxd4) 29... Nf6 ({Of course not} 29... cxb3 $6 30. Bxc5 Rxc5 31. hxg4 $11) ({Black should play} 29... Bxd4 $17 30. hxg4 axb3 31. axb3 Bb6) 30. Bxf6 $11 gxf6 31. bxc4 dxc4 32. Qxc4+ Kh8 {...Bxe3+! is the strong threat.} 33. d4 Bd6 34. Qe2 Rc3 35. Rc1 Rdc8 36. Rxc3 Rxc3 37. g4 (37. Kh2 $11) 37... Qe6 38. Re1 b3 39. axb3 axb3 40. gxf5 Qg8 41. Qg4 b2 42. Qxg8+ Kxg8 {[%mdl 4096] Endgame KRB-KRB} 43. Be4 Rc1 44. Kf2 Bb4 45. Rf1 (45. Rg1+ $11 {keeps the balance.} Kf8 46. Rg2) 45... Bd2 $17 {Hoping for ...Bxe3+! Black continues to play with concentration.} 46. Ke2 {[#]} (46. Rg1+ $142 Rxg1 47. Kxg1 Bxe3+ {[%mdl 64] Double Attack} 48. Kf1) 46... Bxe3 $1 {[%mdl 512]} 47. Rf3 Bxd4 48. Rb3 Kf8 49. Rb7 {[#]} (49. h4 $17) 49... h5 $1 $19 50. Bd3 (50. Rb3 {was called for.}) 50... Ke8 $2 (50... Rh1 $19 {is more deadly.} 51. Kf3 Re1) 51. Kd2 $2 {[%mdl 8192]} (51. Rb4 $17) 51... Bc3+ 52. Ke3 Re1+ (52... Rh1 $142 53. Rb8+ Ke7) 53. Kf2 Rd1 54. Ke2 (54. Be4 $17 {was worth a try.}) 54... Rh1 55. Ke3 Rxh3+ 56. Ke4 h4 {aiming for ...Rh1.} 57. Bc2 $2 (57. Rb8+ Kf7 58. Rb7+ Kf8 59. Rb8+ Kf7 60. Rb7+ Kg8 61. Rb8+ Kh7 62. Rb7+ Kh6 63. Rb8) 57... Rg3 58. Kd5 Re3 59. Kd6 (59. Bb1 $142) 59... Kf8 60. Rh7 h3 61. Kd7 Bb4 62. Kd8 Ba5+ 63. Kd7 Bb4 $2 (63... Rc3 {mates} 64. Rh8+ Kg7 65. Rxh3 Rxh3 66. Kd6 Rc3 67. Be4 Rc4 68. Bb1 Rc1 69. Be4 Re1 70. Bc2 {[#]} Rd1+ $3 {[%mdl 576] Deflection, Promotion} 71. Bxd1 b1=Q {[%mdl 64] Double Attack} 72. Bg4 Qb5 73. Be2 Qxe2 74. Kd5 Qc2 75. Kd6 Kf7 76. Kd5 Bb6 77. Kd6 Qc5+ 78. Kd7 Qc7#) 64. Rh4 $2 {[%mdl 8192]} (64. Kd8 $11 Re8+ 65. Kd7 Re7+ 66. Rxe7 Bxe7 67. Ke6 h2 68. Kd5 h1=Q+ 69. Be4 Qd1+ 70. Kc4 Qa4+ 71. Kd5 Qb5+ 72. Kd4 Qc5+ 73. Kd3 b1=Q+ 74. Ke2 Qxe4+ {[%mdl 64] Double Attack} 75. Kf1 Qc1+ {[%mdl 64] Double Attack} 76. Kf2 Qce1#) 64... Rc3 65. Be4 Re3 66. Bc2 Re2 {Black mates.} 67. Bb1 h2 68. Ba2 Rd2+ 69. Kc8 Bd6 70. Rh7 Bxf4 71. Rf7+ Ke8 72. Rh7 Rc2+ 73. Kb7 {[#]} Rc7+ $1 {[%mdl 576] Double Attack.  Weighted Error Value: White=0.45/Black=0.23} 0-1